000
00293nam a22001217a 4500
082
_a
823
_b
PAT/S
100
_a
SARNEY, PATRICIA BARNES
245
_a
STAR TREEK VOYAGER - GUARENTEED
260
_a
NEWYORK
_b
MINISTEEL
_c
1997
300
_a
114
650
_a
ENGLISH STORY
_z
UNITED STATES
942
_c
BK
999
_c
7288
_d
7288